LIBRARY & INFORMATION CENTRE, KCAET, TAVANUR

ONLINE PUBLIC ACCESS CATALOGUE (OPAC)

Hydraulic and irrigation engineering / (Record no. 11086)

MARC details
000 -LEADER
fixed length control field 00439cam a2200169ua 4500
003 - CONTROL NUMBER IDENTIFIER
control field OSt
008 - FIXED-LENGTH DATA ELEMENTS--GENERAL INFORMATION
fixed length control field 250814b |||||||| |||| 00| 0 eng d
041 ## - LANGUAGE CODE
Language code of text/sound track or separate title eng
082 ## - DEWEY DECIMAL CLASSIFICATION NUMBER
Classification number 627.52
Item number PAL/HY
100 ## - MAIN ENTRY--AUTHOR NAME
Personal name Palaniappan, T K .
245 ## - TITLE STATEMENT
Title Hydraulic and irrigation engineering /
250 ## - EDITION STATEMENT
Edition statement 1 /
260 ## - PUBLICATION, DISTRIBUTION, ETC. (IMPRINT)
Place of publication Coimbatore :
Name of publisher Pratheeba publishers ,
Year of publication 1995.
300 ## - PHYSICAL DESCRIPTION
Number of Pages 110 ; .
700 1# - ADDED ENTRY--PERSONAL NAME
Personal name Marimuthu, V M .
942 ## - ADDED ENTRY ELEMENTS (KOHA)
Koha item type Books
Holdings
Withdrawn status Lost status Damaged status Home library Current library Date acquired Full call number Accession Number Koha item type
      KAUAET KAUAET 07/04/2012 627.52 PAL/HY 19328 Books
free website counter